Datum a čas kvízu
34.5
Celkem bodů
Celkový počet nahraných bodů na tomto kvízu bez doplňovacích otázek.
2.
Pořadí na kvízu
Konečné umístění týmu na tomto kvízu.
Zaznamenané odpovědi
| # | Otázka | Odpověď | Body | Výsledky |
|---|---|---|---|---|
| 1. | V posledních týdnech se do Čes... | spalničky | 1 | |
| 2. | Nepálské úřady minulý týden oz... | C) pytlíkem na výkaly | 1 | |
| 3. | Jak se nazývá kapela, kterou p... | 4TET | 1 | |
| 4. | Která automobilka získala s je... | Mercedes | 1 | |
| 5. | V noci z neděle na pondělí se... | Kansas City (Chiefs), San Francisco (49ers) | 1 | |
| 6. | Vítězné téma facebookového hla... | 1C 2A 3D 4B | 1 | |
| 7. | Dne 18. dubna 1997 byli odsouz... | Orličtí vrazi | 1 | |
| 8. | Devadesátkovou klasikou je fil... | Fuck Off Guys Good Day | 0 | |
| 9. | Kolik tlačítek má na své předn... | tři | 1 | |
| 10. | Ke kterému městu se v souvislo... | Vsetín | 1 |